El cine y su público / (Record no. 58366)
[ view plain ]
| 000 -LEADER | |
|---|---|
| campo de control de longitud fija | 00652nam a2200217 i 4500 |
| 001 - NÚMERO DE CONTROL | |
| campo de control | 58366 |
| 003 - IDENTIFICADOR DE NÚMERO DE CONTROL | |
| campo de control | ES-MaACL |
| 005 - FECHA Y HORA DE LA ÚLTIMA TRANSACCIÓN | |
| campo de control | 20250824211722.0 |
| 007 - CAMPO FIJO DE DESCRIPCIÓN FÍSICA--INFORMACIÓN GENERAL | |
| campo de control de longitud fija | t| |
| 008 - DATOS DE LONGITUD FIJA--INFORMACIÓN GENERAL | |
| campo de control de longitud fija | 031022s1962 sp ||||1| spa d |
| 100 1# - ENTRADA PRINCIPAL--NOMBRE DE PERSONA | |
| Nombre de persona | Durand, Jacques. |
| 9 (RLIN) | 46253 |
| 245 13 - MENCIÓN DEL TÍTULO | |
| Título | El cine y su público / |
| Mención de responsabilidad, etc. | Jacques Durand ; traducción de Juan Manuel Otero. |
| 260 ## - PUBLICACIÓN, DISTRIBUCIÓN, ETC. | |
| Lugar de publicación, distribución, etc. | Madrid : |
| Nombre del editor, distribuidor, etc. | Rialp, |
| Fecha de publicación, distribución, etc. | 1962. |
| 300 ## - DESCRIPCIÓN FÍSICA | |
| Extensión | 378 p. : |
| Otras características físicas | il. ; |
| Dimensiones | 22 cm. |
| 490 1# - MENCIÓN DE SERIE | |
| Mención de serie | Libros de cine Rialp ; |
| Designación de volumen o secuencia | 3 |
| 650 07 - PUNTO DE ACCESO ADICIONAL DE MATERIA--TÉRMINO DE MATERIA | |
| Término de materia o nombre geográfico como elemento de entrada | Cine |
| Fuente del encabezamiento o término | embne |
| 9 (RLIN) | 11010 |
| 700 1# - ENTRADA AGREGADA--NOMBRE PERSONAL | |
| Nombre de persona | Otero, Juan Manuel. |
| 9 (RLIN) | 87892 |
| 830 10 - PUNTO DE ACCESO ADICIONAL DE SERIE-TÍTULO UNIFORME | |
| Título uniforme | Libros de cine Rialp |
| Designación de volumen o secuencia | 3 |
| 9 (RLIN) | 181163 |
| 852 ## - LOCALIZACIÓN | |
| Ubicación | ES-MaACL |
| Número de control de estantería | C-20913 |
| Estatus retirado | Estado de pérdida | Estado de daño | No para préstamo | Biblioteca de origen | Biblioteca actual | Ubicación en estantería | Fecha de adquisición | Fuente de adquisición | Total de préstamos | Signatura topográfica completa | Código de barras | Visto por última vez | Precio de reemplazo | Tipo de ítem Koha |
|---|---|---|---|---|---|---|---|---|---|---|---|---|---|---|
| Biblioteca del Ateneo de Madrid | Biblioteca del Ateneo de Madrid | Galería | 17/01/2008 | C-20913 | 1061244 | 23/02/2023 | 23/02/2023 | Libro impreso |
